[Event "i'm sick of new members tourneys :)"]
[Site "SchemingMind.com"]
[Date "2005.01.25"]
[Round "-"]
[White "gtolle"]
[Black "refutor"]
[Result "1-0"]
[WhiteCountry "USA"]
[BlackCountry "CAN"]
[WhiteElo "1502"]
[WhiteRD "96"]
[BlackElo "1516"]
[BlackRD "54"]
[GameID "7819"]

1. b3 Nf6 2. Bb2 g6 3. e3 c5 4. Nf3 Bg7 5. d4 cxd4 6. Qxd4 Nc6 7. Qh4 O-O 8. Nbd2 d5 9. c4 Bf5 10. Nd4 Nxd4
11. Bxd4 dxc4 12. Bxc4 b6 13. O-O Qd7 14. a4 Nd5 15. Bxg7 Kxg7 16. Qd4+ Kg8 17. Bxd5 Rad8 18. e4 Be6 19. Rad1 Bxd5 20. Qxd5 Qxd5
21. exd5 Rxd5 22. Nf3 Rc5 23. Rd7 e6 24. Rxa7
1-0

[Event "i'm sick of new members tourneys :)"]
[Site "SchemingMind.com"]
[Date "2005.01.25"]
[Round "-"]
[White "refutor"]
[Black "gtolle"]
[Result "0-1"]
[WhiteCountry "CAN"]
[BlackCountry "USA"]
[WhiteElo "1516"]
[WhiteRD "54"]
[BlackElo "1502"]
[BlackRD "96"]
[GameID "7820"]

1. e4 c5 2. Nf3 Nc6 3. Bb5 Nf6 4. d3 Qa5+ 5. Nc3 Nd4 6. Bc4 b5 7. Bb3 Nxb3 8. cxb3 d5 9. exd5 Nxd5 10. Bd2 Nxc3
11. bxc3 e6 12. O-O Bb7 13. d4 b4 14. cxb4 cxb4 15. Be3 Be7 16. Qe2 Ba6 17. Qc2 Bxf1 18. Rxf1 O-O 19. Bg5 Bxg5
0-1

[Event "i'm sick of new members tourneys :)"]
[Site "SchemingMind.com"]
[Date "2005.01.26"]
[Round "-"]
[White "Tex"]
[Black "refutor"]
[Result "1-0"]
[WhiteCountry "INT"]
[BlackCountry "CAN"]
[WhiteElo "1595"]
[WhiteRD "66"]
[BlackElo "1516"]
[BlackRD "54"]
[GameID "7864"]

1. d4 Nf6 2. c4 e6 3. Nc3 Bb4 4. Qc2 O-O 5. e4 d5 6. e5 Ne4 7. Bd3 c5 8. cxd5 Bxc3+ 9. bxc3 exd5 10. Bxe4 dxe4
11. Qxe4 cxd4 12. cxd4 Nc6 13. Nf3 Re8 14. O-O Be6 15. Ng5 g6 16. Nxe6 fxe6 17. Bb2 Rf8 18. Rfd1 Qb6 19. d5 exd5 20. Qxd5+ Kh8
21. Bd4 Nxd4 22. Qxd4 Qxd4 23. Rxd4 Rfe8 24. Re1 Re7 25. g3 Rae8 26. f4 Kg7 27. Red1 b6 28. Rd8 Rxd8 29. Rxd8 Kf7 30. Kf2 Ke6
31. Rd6+ Kf5 32. Kf3
1-0

[Event "i'm sick of new members tourneys :)"]
[Site "SchemingMind.com"]
[Date "2005.01.26"]
[Round "-"]
[White "Tex"]
[Black "gtolle"]
[Result "1-0"]
[WhiteCountry "INT"]
[BlackCountry "USA"]
[WhiteElo "1614"]
[WhiteRD "66"]
[BlackElo "1482"]
[BlackRD "91"]
[GameID "7865"]

1. d4 d5 2. c4 Nf6 3. cxd5 Qxd5 4. Nc3 Qf5 5. Nf3 a6 6. e3 e6 7. Bd3 Qg4 8. O-O Bd6 9. h3 Qh5 10. e4 e5
11. dxe5 Bxe5 12. Nxe5 Qxe5 13. Qb3 b5 14. a4 c6 15. axb5 cxb5 16. Bxb5+ Bd7 17. Bxd7+ Nbxd7 18. Qb7 O-O 19. Rxa6 Rxa6 20. Qxa6 Nc5
21. Qc4 Ncxe4 22. Nxe4 Nxe4 23. Re1 Re8 24. f3
1-0

[Event "i'm sick of new members tourneys :)"]
[Site "SchemingMind.com"]
[Date "2005.01.26"]
[Round "-"]
[White "refutor"]
[Black "Tex"]
[Result "0-1"]
[WhiteCountry "CAN"]
[BlackCountry "INT"]
[WhiteElo "1516"]
[WhiteRD "54"]
[BlackElo "1595"]
[BlackRD "66"]
[GameID "7866"]

1. Nc3 c5 2. e4 Nc6 3. Nf3 e5 4. Bb5 d6 5. g3 Be7 6. d3 Nf6 7. Bg5 O-O 8. Qd2 Nd4 9. Nxd4 cxd4 10. Nd5 Nxd5
11. exd5 Bxg5
0-1

[Event "i'm sick of new members tourneys :)"]
[Site "SchemingMind.com"]
[Date "2005.01.29"]
[Round "-"]
[White "gtolle"]
[Black "Tex"]
[Result "1-0"]
[WhiteCountry "USA"]
[BlackCountry "INT"]
[WhiteElo "1482"]
[WhiteRD "91"]
[BlackElo "1614"]
[BlackRD "66"]
[GameID "7867"]

1. e4 g6 2. d4 Bg7 3. Nf3 d6 4. Bf4 Nd7 5. c3 e5 6. dxe5 dxe5 7. Be3 Ngf6 8. Bb5 c6 9. Ba4 Nxe4 10. Nbd2 Nxd2
11. Qxd2 O-O 12. O-O-O Qa5 13. Bb3 Qc7 14. Bh6 Nc5 15. Bxg7 Nxb3+ 16. axb3 Kxg7 17. h4 Bg4 18. Qg5 Bxf3 19. gxf3 Rad8 20. h5 Rxd1+
21. Rxd1 Rh8 22. h6+ Kf8 23. Rd8+
1-0

[Event "i'm sick of new members tourneys :)"]
[Site "SchemingMind.com"]
[Date "2005.01.27"]
[Round "-"]
[White "CWM"]
[Black "refutor"]
[Result "1-0"]
[WhiteCountry "CAN"]
[BlackCountry "CAN"]
[WhiteElo "1843"]
[WhiteRD "73"]
[BlackElo "1516"]
[BlackRD "54"]
[GameID "7903"]

1. e4 c6 2. d4 d5 3. Nc3 dxe4 4. Nxe4 Bf5 5. Ng3 Bg6 6. h4 h6 7. Nf3 Nd7 8. h5 Bh7 9. Bd3 Bxd3 10. Qxd3 Qc7
11. Bd2 Ngf6 12. O-O-O e6 13. Ne4 Nxe4 14. Qxe4 Nf6 15. Qe2 Bd6 16. g3 O-O-O 17. c4 g5 18. hxg6 fxg6 19. Bxh6 Ng4 20. Bg5 Rxh1
21. Rxh1 Rf8 22. Rh4 Nf6 23. Qxe6+ Nd7 24. c5 Bxg3 25. fxg3 Qxg3 26. Rh7 Qc7 27. Ne5 Rf1+ 28. Kc2
1-0

[Event "i'm sick of new members tourneys :)"]
[Site "SchemingMind.com"]
[Date "2005.01.27"]
[Round "-"]
[White "CWM"]
[Black "Tex"]
[Result "1-0"]
[WhiteCountry "CAN"]
[BlackCountry "INT"]
[WhiteElo "1843"]
[WhiteRD "73"]
[BlackElo "1595"]
[BlackRD "66"]
[GameID "7904"]

1. e4 e5 2. Nf3 Nc6 3. Bb5 a6 4. Bxc6 dxc6 5. O-O Qd6 6. Na3 Be6 7. Qe2 f6 8. Rd1 Bg4 9. Nc4 Qe6 10. Ne3 Bxf3
11. Qxf3 O-O-O 12. c3 c5 13. d3 Nh6 14. a4 Be7 15. a5 Rd7 16. Nd5 Nf7 17. Qe2 Rhd8 18. Be3 Rxd5 19. exd5 Qxd5 20. Qg4+ Qd7
21. Qxg7 Ng5 22. Bxg5 fxg5 23. Qxh7 c4 24. d4 c5 25. Qc2 cxd4 26. cxd4 exd4 27. Qxc4+ Kb8 28. Rac1 Rc8 29. Qxd4 Qxd4 30. Rxc8+ Kxc8
31. Rxd4 Bf6 32. Rc4+
1-0

[Event "i'm sick of new members tourneys :)"]
[Site "SchemingMind.com"]
[Date "2005.01.27"]
[Round "-"]
[White "CWM"]
[Black "gtolle"]
[Result "1-0"]
[WhiteCountry "CAN"]
[BlackCountry "USA"]
[WhiteElo "1843"]
[WhiteRD "73"]
[BlackElo "1502"]
[BlackRD "96"]
[GameID "7905"]

1. e4 e5 2. Nf3 Nc6 3. Bb5 Qe7 4. Bxc6 bxc6 5. O-O Nf6 6. Nc3 Ba6 7. Re1 O-O-O 8. d4 Ng4 9. h3 h5 10. d5 Qc5
11. hxg4 hxg4 12. Be3 Qe7 13. Ng5 f6 14. Qxg4 g6 15. Nh3 Kb8 16. dxc6 d6 17. Nd5 Qg7 18. a4 Bc8 19. Qe2 Ka8 20. Qb5
1-0

[Event "i'm sick of new members tourneys :)"]
[Site "SchemingMind.com"]
[Date "2005.01.27"]
[Round "-"]
[White "refutor"]
[Black "CWM"]
[Result "0-1"]
[WhiteCountry "CAN"]
[BlackCountry "CAN"]
[WhiteElo "1516"]
[WhiteRD "54"]
[BlackElo "1843"]
[BlackRD "73"]
[GameID "7906"]

1. e4 c5 2. Nf3 d6 3. Bb5+ Bd7 4. Bxd7+ Qxd7 5. O-O Nf6 6. Re1 Nc6 7. c3 e6 8. d4 cxd4 9. cxd4 d5 10. exd5 Nxd5
11. Nc3 Be7 12. Ne5 Nxe5 13. dxe5 Rd8 14. Bd2 O-O 15. Rc1 Nb4 16. Re2 Nc6 17. Bf4 Qxd1+ 18. Rxd1 a6 19. a4 Bb4 20. Rxd8 Rxd8
21. h3 Bxc3 22. bxc3 Rd3 23. Rc2 h6 24. Kf1 Rd1+ 25. Ke2 Ra1 26. Bg3 Rxa4 27. f4 b5 28. Kd3 Kf8 29. Bf2 Rxf4
0-1

[Event "i'm sick of new members tourneys :)"]
[Site "SchemingMind.com"]
[Date "2005.01.27"]
[Round "-"]
[White "Tex"]
[Black "CWM"]
[Result "0-1"]
[WhiteCountry "INT"]
[BlackCountry "CAN"]
[WhiteElo "1595"]
[WhiteRD "66"]
[BlackElo "1843"]
[BlackRD "73"]
[GameID "7907"]

1. d4 Nf6 2. c4 c5 3. d5 e6 4. Nc3 exd5 5. cxd5 d6 6. e4 g6 7. f4 Bg7 8. Bb5+ Nfd7 9. a4 O-O 10. Nf3 Na6
11. O-O Nc7 12. Bd3 a6 13. Re1 Re8 14. Bd2 Rb8 15. Kh1 b5 16. axb5 axb5 17. Qe2 c4 18. Bc2 Nc5 19. Reb1 Bg4 20. b4 cxb3
21. Bxb3 Nxb3 22. Rxb3 Nxd5 23. Nxd5 Bxa1 24. Rxb5 Rxb5 25. Qxb5 Rxe4 26. Qb1 Ra4 27. Nb6 Ra6 28. Be3 Bg7 29. Qb5 Ra1+ 30. Ng1 h5
0-1

[Event "i'm sick of new members tourneys :)"]
[Site "SchemingMind.com"]
[Date "2005.01.29"]
[Round "-"]
[White "gtolle"]
[Black "CWM"]
[Result "0-1"]
[WhiteCountry "USA"]
[BlackCountry "CAN"]
[WhiteElo "1502"]
[WhiteRD "96"]
[BlackElo "1843"]
[BlackRD "73"]
[GameID "7908"]

1. b3 e5 2. Bb2 Nc6 3. e3 d5 4. c4 d4 5. Nf3 dxe3 6. fxe3 Bg4 7. Be2 Bxf3 8. Bxf3 e4 9. Bxe4 Qh4+ 10. Ke2 Qxe4
11. Qf1 Nf6 12. d3 Qg4+ 13. Qf3 Qxf3+ 14. gxf3 Be7 15. Nc3 O-O-O 16. d4 Rhe8 17. a3 Nxd4+
0-1

[Event "i'm sick of new members tourneys :)"]
[Site "SchemingMind.com"]
[Date "2005.01.27"]
[Round "-"]
[White "Stephen"]
[Black "refutor"]
[Result "1/2-1/2"]
[WhiteCountry "ENG"]
[BlackCountry "CAN"]
[WhiteElo "1813"]
[WhiteRD "76"]
[BlackElo "1516"]
[BlackRD "54"]
[GameID "7909"]

1. d4 Nf6 2. Nf3 g6 3. Nc3 d6 4. e4 Bg7 5. Be3 O-O 6. Qd2 c5 7. dxc5 dxc5 8. Qxd8 Rxd8 9. Bxc5 e6 10. Bd3 b6
11. Be3 Bb7 12. O-O Nc6 13. a3 Ng4 14. Bd2 Nge5 15. Ne1 Nxd3 16. cxd3 Ne5 17. Rd1 Nxd3 18. Nxd3 Rxd3 19. f3 Rad8 20. Bc1 Bxc3
21. Rxd3 Rxd3 22. bxc3 Rxc3=
1/2-1/2

[Event "i'm sick of new members tourneys :)"]
[Site "SchemingMind.com"]
[Date "2005.01.27"]
[Round "-"]
[White "Stephen"]
[Black "Tex"]
[Result "1/2-1/2"]
[WhiteCountry "ENG"]
[BlackCountry "INT"]
[WhiteElo "1813"]
[WhiteRD "76"]
[BlackElo "1595"]
[BlackRD "66"]
[GameID "7910"]

1. d4 f5 2. Bg5 h6 3. Bh4 g5 4. e3 Nf6 5. Bg3 d6 6. h4 Rg8 7. hxg5 hxg5 8. Nd2 e6 9. Bd3 Bd7 10. Ne2 Nc6
11. a3 Qe7 12. Nc3 O-O-O 13. f3 g4 14. fxg4 Rxg4 15. Qf3 Qg7 16. Rh3 Be7 17. O-O-O Rg8 18. Ne2 Rh8 19. Rdh1 Rxh3 20. Rxh3 Be8
21. Nf1 Nh5 22. Bb5 Nxg3 23. Nfxg3 Ne5 24. dxe5 Bxb5 25. Nd4 Bd7 26. exd6 Bxd6 27. Nh5 Qf7 28. Ng3 Qg7=
1/2-1/2

[Event "i'm sick of new members tourneys :)"]
[Site "SchemingMind.com"]
[Date "2005.01.27"]
[Round "-"]
[White "Stephen"]
[Black "gtolle"]
[Result "1-0"]
[WhiteCountry "ENG"]
[BlackCountry "USA"]
[WhiteElo "1813"]
[WhiteRD "76"]
[BlackElo "1502"]
[BlackRD "96"]
[GameID "7911"]

1. d4 Nf6 2. Nf3 e6 3. Bg5 Be7 4. Nbd2 h6 5. Bh4 g5 6. Bg3 Nc6 7. e3 O-O 8. c3 Nh5 9. Bd3 Nxg3 10. hxg3 Kg7
11. Qe2 d5 12. e4 f5 13. exf5 exf5 14. Ne5 Nxe5 15. dxe5 Be6 16. f4 c5 17. Qh5 Rh8 18. O-O-O Qf8 19. Qe2 d4 20. c4 b5
21. Kb1 b4 22. Rh2 a5 23. Rdh1 Ra6 24. fxg5 Bxg5 25. g4 fxg4 26. Nb3 a4 27. Qe4 Qf5 28. Qb7+
1-0

[Event "i'm sick of new members tourneys :)"]
[Site "SchemingMind.com"]
[Date "2005.01.27"]
[Round "-"]
[White "Stephen"]
[Black "CWM"]
[Result "0-1"]
[WhiteCountry "ENG"]
[BlackCountry "CAN"]
[WhiteElo "1813"]
[WhiteRD "76"]
[BlackElo "1843"]
[BlackRD "73"]
[GameID "7912"]

1. d4 Nf6 2. Nf3 g6 3. Nc3 d5 4. Bf4 Bg7 5. e3 O-O 6. Be2 c6 7. h4 h5 8. Ne5 Nbd7 9. f3 Nxe5 10. Bxe5 Nh7
11. Bxg7 Kxg7 12. g4 Nf6 13. gxh5 Nxh5 14. f4 Ng3 15. Rg1 Nxe2 16. Qxe2 Rh8 17. h5 Bf5 18. hxg6 fxg6 19. O-O-O e6 20. Rg5 Qd6
21. Rdg1 Rh6 22. Qf3 Rah8 23. e4 dxe4 24. Nxe4 Qxd4 25. Ng3 Qxg1+
0-1

[Event "i'm sick of new members tourneys :)"]
[Site "SchemingMind.com"]
[Date "2005.01.27"]
[Round "-"]
[White "refutor"]
[Black "Stephen"]
[Result "1/2-1/2"]
[WhiteCountry "CAN"]
[BlackCountry "ENG"]
[WhiteElo "1516"]
[WhiteRD "54"]
[BlackElo "1813"]
[BlackRD "76"]
[GameID "7913"]

1. e4 d5 2. exd5 Qxd5 3. Nc3 Qa5 4. d4 c6 5. Nf3 Nf6 6. Bc4 Bf5 7. Bd2 e6 8. Nd5 Qd8 9. Nxf6+ gxf6 10. c3 Qc7
11. Qb3 Nd7 12. Nh4 Bg6 13. Bxe6 fxe6 14. Qxe6+ Be7 15. Nxg6 hxg6 16. O-O-O Qd6 17. Rde1 Qxe6 18. Rxe6 Kf7 19. Rhe1 Rae8 20. Bf4 Bd8
21. Rxe8 Rxe8 22. Re3 Rxe3 23. fxe3 Ke6=
1/2-1/2

[Event "i'm sick of new members tourneys :)"]
[Site "SchemingMind.com"]
[Date "2005.01.27"]
[Round "-"]
[White "Tex"]
[Black "Stephen"]
[Result "0-1"]
[WhiteCountry "INT"]
[BlackCountry "ENG"]
[WhiteElo "1595"]
[WhiteRD "66"]
[BlackElo "1813"]
[BlackRD "76"]
[GameID "7914"]

1. e4 d5 2. exd5 Qxd5 3. Nc3 Qa5 4. d4 c6 5. Bc4 Nf6 6. Nf3 Bf5 7. Ne5 e6 8. O-O Bd6 9. f4 Nbd7 10. Bd3 Bxd3
11. Qxd3 O-O 12. Qg3 Qb6 13. Rd1 Rad8 14. b3 c5 15. Be3 cxd4 16. Nxd7 Rxd7 17. Bxd4 Bc5 18. Bxc5 Qxc5+ 19. Kh1 Rfd8 20. Rxd7 Rxd7
21. Rc1 Qd4 22. Qe1 Qxf4 23. Rd1 Rxd1 24. Qxd1 Qc7 25. Nb5 Qa5 26. Nxa7 Nd5 27. c4 Ne3 28. Qg1 Qxa7 29. Qf2 Qd4
0-1

[Event "i'm sick of new members tourneys :)"]
[Site "SchemingMind.com"]
[Date "2005.01.29"]
[Round "-"]
[White "gtolle"]
[Black "Stephen"]
[Result "0-1"]
[WhiteCountry "USA"]
[BlackCountry "ENG"]
[WhiteElo "1482"]
[WhiteRD "91"]
[BlackElo "1831"]
[BlackRD "75"]
[GameID "7915"]

1. b3 e5 2. Bb2 Nc6 3. e3 Nf6 4. a3 a6 5. Nf3 d6 6. d4 e4 7. Nfd2 d5 8. f3 exf3 9. Nxf3 Ne4 10. Nbd2 Bg4
11. Be2 Be7 12. O-O f5 13. c4 Nf6 14. Ne5 Bxe2 15. Qxe2 g6 16. Ndf3 Nxe5 17. Nxe5 c6 18. c5 Ne4 19. b4 Bf6 20. Rad1 Qc7
21. Rf3 O-O-O 22. g3 Rde8 23. Qg2 Rhg8 24. g4 Qe7 25. Kf1 Bxe5 26. dxe5 fxg4 27. Qxg4+ Qd7 28. Qxd7+ Kxd7 29. Kg2 Rgf8 30. Rdf1 Rxf3
31. Rxf3 Nd2 32. Rf7+ Re7 33. Rf6 Nc4 34. Rf8 Nxb2
0-1

[Event "i'm sick of new members tourneys :)"]
[Site "SchemingMind.com"]
[Date "2005.01.27"]
[Round "-"]
[White "CWM"]
[Black "Stephen"]
[Result "0-1"]
[WhiteCountry "CAN"]
[BlackCountry "ENG"]
[WhiteElo "1843"]
[WhiteRD "73"]
[BlackElo "1813"]
[BlackRD "76"]
[GameID "7916"]

1. e4 d5 2. exd5 Qxd5 3. Nc3 Qa5 4. d4 c6 5. Nf3 Nf6 6. Bc4 Bf5 7. Bd2 e6 8. Nd5 Qd8 9. Nxf6+ gxf6 10. c3 Qc7
11. Nh4 Bg6 12. Qf3 Nd7 13. Qh3 Bg7 14. Qg3 Qxg3 15. hxg3 O-O-O 16. O-O-O Nb6 17. Be2 e5 18. Bg4+ Kb8 19. Nf5 Bf8 20. dxe5 fxe5
21. Bg5 Rxd1+ 22. Rxd1 h5 23. Bh3 Bxf5 24. Bxf5 Bh6 25. Bxh6 Rxh6 26. Rh1 Nd5 27. g4 h4 28. Rh3 Nf4 29. g5 Rh5
0-1

[Event "i'm sick of new members tourneys :)"]
[Site "SchemingMind.com"]
[Date "2005.01.27"]
[Round "-"]
[White "boojiboy"]
[Black "Stephen"]
[Result "0-1"]
[WhiteCountry "USA"]
[BlackCountry "ENG"]
[WhiteElo "1633"]
[WhiteRD "68"]
[BlackElo "1813"]
[BlackRD "76"]
[GameID "7925"]

1. e4 d5 2. exd5 Qxd5 3. Nc3 Qa5 4. d4 c6 5. Nf3 Nf6 6. Bc4 Bf5 7. Bd2 e6 8. Nd5 Qd8 9. Nxf6+ gxf6 10. Bb3 Qc7
11. Qe2 Be7 12. O-O-O Nd7 13. h3 O-O-O 14. g4 Bg6 15. Bh6 Nb6 16. h4 f5 17. h5 fxg4 18. hxg6 gxf3 19. Qxf3 hxg6 20. Qxf7 Bg5+
21. Bxg5 Qxf7 22. Rhe1 Rde8 23. Re2 Nd5 24. Rde1 Qf5 25. Bd2 Rh2 26. Bxd5 cxd5 27. Be3 e5 28. c3 e4 29. b3 Reh8 30. Kd2 Rh1
31. a4 Rxe1 32. Rxe1 Rh2 33. b4 g5 34. c4 Rxf2+ 35. Bxf2 Qxf2+
0-1

[Event "i'm sick of new members tourneys :)"]
[Site "SchemingMind.com"]
[Date "2005.01.27"]
[Round "-"]
[White "boojiboy"]
[Black "refutor"]
[Result "1/2-1/2"]
[WhiteCountry "USA"]
[BlackCountry "CAN"]
[WhiteElo "1633"]
[WhiteRD "68"]
[BlackElo "1516"]
[BlackRD "54"]
[GameID "7926"]

1. e4 c6 2. d4 d5 3. Nc3 dxe4 4. Nxe4 Bf5 5. Ng3 Bg6 6. h4 h6 7. Nf3 Nd7 8. Bc4 e6 9. Bf4 Ngf6 10. Qe2 Nb6
11. Bb3 Bd6 12. Bxd6 Qxd6 13. O-O-O O-O-O 14. Ne5 Nfd7 15. Nxg6 fxg6 16. Bxe6 Rhe8 17. Bxd7+ Qxd7 18. Qd3 Qd6 19. Kb1 Nd5 20. Ne2 Nf4
21. Nxf4 Qxf4 22. Qh3+ Kb8 23. Qg3 Qxg3 24. fxg3 Re2 25. Rhg1 Rf2 26. Rd3 Re8 27. Rf3 Rd2=
1/2-1/2

[Event "i'm sick of new members tourneys :)"]
[Site "SchemingMind.com"]
[Date "2005.01.27"]
[Round "-"]
[White "boojiboy"]
[Black "Tex"]
[Result "1/2-1/2"]
[WhiteCountry "USA"]
[BlackCountry "INT"]
[WhiteElo "1633"]
[WhiteRD "68"]
[BlackElo "1595"]
[BlackRD "66"]
[GameID "7927"]

1. e4 e5 2. Nf3 Nc6 3. Bb5 a6 4. Ba4 Nf6 5. O-O Be7 6. Re1 b5 7. Bb3 d6 8. c3 O-O 9. h3 Na5 10. Bc2 c5
11. d4 Nd7 12. Nbd2 cxd4 13. cxd4 Nc6 14. Nb3 Nb4 15. Bb1 a5 16. a3 Na6 17. Bd2 b4 18. axb4 axb4 19. Bd3 Qb6 20. Be3 Bb7
21. Qe2 f5 22. dxe5 Ndc5 23. Nxc5 Nxc5 24. exf5 Bxf3 25. gxf3 dxe5 26. Rec1 Rxa1 27. Rxa1 Qb8 28. Bxc5 Bxc5= 29. Be4 Kh8 30. Qc4 Be7
31. Ra5 Qd6 32. Kg2 Bf6 33. Rb5 Rb8 34. Qc5 Qd8 35. Qxb4 Rxb5 36. Qxb5 h6 37. b4 Qd2 38. Qe8+ Kh7 39. Qg6+ Kh8 40. b5 Qg5+
41. Qxg5 Bxg5 42. b6 Bd8 43. b7 Bc7 44. Kg3 Kg8 45. Kg2 Kf8= 46. Kf1 Ke7 47. Ke2 Bb8 48. Kd3 Kd8 49. Kc4 Ke7 50. Kc5 Kd8
51. Kd5 Ke7 52. Kc6 Kd8 53. Kd5=
1/2-1/2

[Event "i'm sick of new members tourneys :)"]
[Site "SchemingMind.com"]
[Date "2005.01.27"]
[Round "-"]
[White "boojiboy"]
[Black "gtolle"]
[Result "1-0"]
[WhiteCountry "USA"]
[BlackCountry "USA"]
[WhiteElo "1629"]
[WhiteRD "69"]
[BlackElo "1482"]
[BlackRD "91"]
[GameID "7928"]

1. e4 c5 2. Nf3 Nc6 3. d4 e6 4. Nc3 Nxd4 5. Nxd4 cxd4 6. Qxd4 Qf6 7. Be3 b6 8. O-O-O Bc5 9. Qxf6 Nxf6 10. Bxc5 bxc5
11. Bb5 O-O 12. h4 Ng4 13. Rd2 a6 14. Bxd7 Bxd7 15. Rxd7 Nxf2 16. Rf1 Ng4 17. Rfd1 Ne3 18. R1d2 h6 19. b3 f6 20. R2d3 Nxg2
21. Rg3 Rf7 22. Rxf7 Kxf7 23. Rxg2 g5 24. hxg5 hxg5 25. Kd2 Rb8 26. Kd3 Ke7 27. Kc4 Kd6 28. a3 Rg8 29. Na4 f5 30. exf5 exf5
31. Nxc5 a5 32. Nb7+ Ke5 33. Nxa5 g4 34. Nc6+ Ke4 35. Re2+
1-0

[Event "i'm sick of new members tourneys :)"]
[Site "SchemingMind.com"]
[Date "2005.01.27"]
[Round "-"]
[White "boojiboy"]
[Black "CWM"]
[Result "0-1"]
[WhiteCountry "USA"]
[BlackCountry "CAN"]
[WhiteElo "1633"]
[WhiteRD "68"]
[BlackElo "1843"]
[BlackRD "73"]
[GameID "7929"]

1. e4 c5 2. Nf3 d6 3. d4 cxd4 4. Nxd4 Nf6 5. Nc3 a6 6. Be3 e5 7. Nb3 Be6 8. f3 Be7 9. Qd2 Nbd7 10. g4 h6
11. O-O-O b5 12. h4 Nb6 13. Qf2 Nfd7 14. Kb1 Qc7 15. Bh3 Nc4 16. Rd3 Nxe3 17. Qxe3 Nb6 18. Rhd1 Rc8 19. R1d2 Nc4 20. Qf2 Nxd2+
21. Qxd2 Bxh4 22. Rxd6 Bg5 23. Qd1 O-O 24. Rxa6 b4 25. Na4 Rfd8 26. Qe2 Bc4 27. Qe1 Bxa6 28. Nac5 Bc4 29. Qxb4 Bxb3 30. Nxb3 Qxc2+
0-1

[Event "i'm sick of new members tourneys :)"]
[Site "SchemingMind.com"]
[Date "2005.01.27"]
[Round "-"]
[White "Stephen"]
[Black "boojiboy"]
[Result "1-0"]
[WhiteCountry "ENG"]
[BlackCountry "USA"]
[WhiteElo "1813"]
[WhiteRD "76"]
[BlackElo "1633"]
[BlackRD "68"]
[GameID "7930"]

1. d4 Nf6 2. Nf3 d5 3. Bg5 Ne4 4. Bh4 c6 5. Nbd2 Qa5 6. c3 Bf5 7. e3 Nd7 8. Nxe4 Bxe4 9. Bd3 Bxd3 10. Qxd3 g6
11. O-O Bg7 12. Rfe1 e6 13. e4 O-O 14. e5 c5 15. a3 Rac8 16. Rec1 cxd4 17. cxd4 Rc6 18. Rxc6 bxc6 19. b4 Qc7 20. Rc1 Nb6
21. Nd2 Bh6 22. Bf6 Nd7 23. Bh4 f6 24. exf6 Nxf6 25. Rc2 Ng4 26. Bg3 Qf7 27. Nf3 Bf4 28. Bxf4 Qxf4 29. h3 Nh2 30. Nxh2
1-0

[Event "i'm sick of new members tourneys :)"]
[Site "SchemingMind.com"]
[Date "2005.01.27"]
[Round "-"]
[White "refutor"]
[Black "boojiboy"]
[Result "1/2-1/2"]
[WhiteCountry "CAN"]
[BlackCountry "USA"]
[WhiteElo "1516"]
[WhiteRD "54"]
[BlackElo "1633"]
[BlackRD "68"]
[GameID "7931"]

1. e4 e6 2. d4 d5 3. e5 c5 4. c3 Nc6 5. Be3 Qb6 6. Qd2 Bd7 7. Nf3 Be7 8. Bd3 cxd4 9. cxd4 Bb4 10. Nc3 Nge7
11. O-O Rc8 12. a3 Bxc3 13. bxc3 O-O 14. Bxh7+ Kxh7 15. Ng5+ Kg8 16. Qe2 Nf5 17. Rab1 Qc7 18. Qh5 Nh6 19. Nh3 f5 20. Bxh6 gxh6
21. Qg6+ Kh8 22. Qxh6+= Kg8 23. Qg6+=
1/2-1/2

[Event "i'm sick of new members tourneys :)"]
[Site "SchemingMind.com"]
[Date "2005.01.27"]
[Round "-"]
[White "Tex"]
[Black "boojiboy"]
[Result "1-0"]
[WhiteCountry "INT"]
[BlackCountry "USA"]
[WhiteElo "1595"]
[WhiteRD "66"]
[BlackElo "1633"]
[BlackRD "68"]
[GameID "7932"]

1. d4 Nf6 2. Bg5 e6 3. Nf3 h6 4. Bxf6 Qxf6 5. e4 d6 6. Nc3 Nd7 7. Qd2 c6 8. O-O-O Be7 9. Kb1 O-O 10. h3 Bd8
11. Bc4 d5 12. Bb3 Ba5 13. exd5 cxd5 14. Qe3 b6 15. g4 Ba6 16. Ba4 Qe7 17. Nb5 Nf6 18. g5 hxg5 19. Qxg5 Ne4 20. Qxe7 Nxf2
21. Nc7 Nxd1 22. Rxd1 Be2 23. Nxa8 Rxa8 24. Rd3 Bxd3 25. cxd3 a6 26. Ne5 Rf8 27. Nc6 Bd2 28. Qb7 b5 29. Bd1 Be3 30. Qxa6 f5
31. Qxb5 f4 32. Bf3 Kh7 33. a4 Kh6 34. a5 Kg5 35. a6 Kh4 36. a7 Kxh3 37. Qb8 Rxb8 38. axb8=Q g5 39. Qh8+ Kg3 40. Qh5 Kf2
41. Qxg5 Kxf3 42. Qxd5+ Ke2 43. Qxe6 Kxd3 44. d5 f3 45. Qf5+ Ke2 46. d6 f2 47. d7 Bg5 48. d8=Q Bxd8 49. Nxd8 f1=Q+ 50. Qxf1+ Kxf1
51. b4
1-0

[Event "i'm sick of new members tourneys :)"]
[Site "SchemingMind.com"]
[Date "2005.01.29"]
[Round "-"]
[White "gtolle"]
[Black "boojiboy"]
[Result "0-1"]
[WhiteCountry "USA"]
[BlackCountry "USA"]
[WhiteElo "1502"]
[WhiteRD "96"]
[BlackElo "1633"]
[BlackRD "68"]
[GameID "7933"]

1. b3 e5 2. Bb2 Nc6 3. e3 Nf6 4. Nf3 e4 5. Nd4 Nxd4 6. Bxd4 Be7 7. Bc4 O-O 8. O-O d5 9. Be2 c5 10. Be5 Bd6
11. Bxd6 Qxd6 12. f4 Bd7 13. d4 cxd4 14. Qxd4 b6 15. Nc3 Rac8 16. Bb5 Bxb5 17. Nxb5 Qd7 18. Rfc1 Qxb5 19. a4 Qd7 20. h3 Rc5
21. c4 Rfc8 22. Kh2 dxc4 23. bxc4 Qxd4 24. exd4 Rxc4 25. Rxc4 Rxc4 26. a5 b5 27. Rd1 Nd5 28. g4 a6 29. f5 Kf8 30. Kg3 Ke7
0-1

[Event "i'm sick of new members tourneys :)"]
[Site "SchemingMind.com"]
[Date "2005.01.27"]
[Round "-"]
[White "CWM"]
[Black "boojiboy"]
[Result "1-0"]
[WhiteCountry "CAN"]
[BlackCountry "USA"]
[WhiteElo "1843"]
[WhiteRD "73"]
[BlackElo "1633"]
[BlackRD "68"]
[GameID "7934"]

1. e4 e6 2. d4 d5 3. e5 c5 4. c3 Nc6 5. Nf3 Qb6 6. Bd3 Bd7 7. dxc5 Bxc5 8. O-O a6 9. Nbd2 f6 10. Qe2 fxe5
11. Nxe5 Nxe5 12. Qxe5 Nf6 13. Nf3 O-O 14. Be3 Bxe3 15. Qxe3 Qxe3 16. fxe3 Rf7 17. Ne5 Rff8 18. Rxf6 Rxf6 19. Nxd7 Rf7 20. Ne5 Rf6
21. Re1 Rd8 22. a4 Kf8 23. Bxh7 Ke7 24. Bc2 Kd6 25. Nf3 Rdf8 26. e4 dxe4 27. Rxe4 b6 28. Rb4 Kc5 29. Rd4 g5 30. Be4 g4
31. b4#
1-0